Sister Golden Hair Lyrics Fill In - Statistics

General Stats
  • This quiz has been taken 27 times
  • The average score is 28 of 35
Answer Stats
Hint Answer % Correct
But I got so damn Depressed
100%
Well I tried to make it Sunday
100%
And I got myself Undressed
100%
Then I set my sights on Monday
96%
Can't you see it in my Eyes
92%
Can't you see it in my Eyes
92%
And I just can't live without You
92%
And I just can't live without You
92%
Will you love me just A little
88%
Will you love me just A little
88%
And I ain't ready for the Altar
88%
Will you meet me in the Middle
88%
Will you meet me in the Middle
88%
When a woman sure can be A friend of mine
83%
Just enough to show You care
83%
Well I keep on thinking About you
79%
Well I keep on thinking About you
79%
And I've been one poor Correspondent
79%
And I've been one poor Correspondent
79%
Well I tried to Fake It
79%
Well I tried to Fake it
79%
And I've been too too Hard to find
79%
And I've been too too Hard to find
79%
I just can't Make it
79%
I just can't Make it
79%
Sister Golden Hair Surprise
79%
Sister Golden Hair Surprise
79%
But it doesn't mean you ain't Been on my mind
75%
But it doesn't mean you ain't Been on my mind
75%
But I do agree there's Times
75%
I don't mind Saying
67%
I don't mind Saying
67%
Just enough to show you Care
63%
Will you meet me in the Air
50%
Will you meet me in the Air
50%
No matching quizzes found
Score Distribution
Percent of People with Each Score
Percentile by Number Answered
Your Score History
You have not taken this quiz